000 00633nam a2200181 a 4500
001 000022943
005 20200930021903.0
008 101123s1978 mx 000 0 spa d
040 _aDO-SdBNP
_bspa
_cBNPHU
100 1 _aOwen, Roger
_947173
240 1 0 _aStudies in the theory of imperialism
_lEspañol
245 1 0 _aEstudios sobre la teoría del imperialismo /
_cRoger Owen, Bob Sutcliffe, traducción Ana María palos.
260 _aMéxico :
_bEdiciones Era,
_c1978.
300 _a342 p. ;
_c21 cm.
500 _aIncluye notas al pie de las páginas
700 1 _aSutcliffe, Bob
_947174
700 1 _aPalos, Ana Maria,
_etrad.
_95235
999 _c22440
_d22440